Регионална библиотека "Любен Каравелов" - Русе

Родени един за друг (Запис номер 56853)

MARC детайли
000 -Лидер
Контролно поле с фиксирана дължина 02424nam a2200457 a 4500
003 - Код на организацията, давaща контролен номер
Контролно поле BLK
005 - Дата и час на последна редакция
Контролно поле 20250225005538.0
008 - Елементи от данни с фиксирана дължина
fixed length control field 180408b bul|||||r ||||||| ||bul||
010 ## - Наследен системен номер
LC control number KNG00060839000
020 ## - Международен стандартен номер на книга ISBN
Международен стандартен номер на книга ISBN 954-430-179-8
040 ## - Източник на каталожния запис
Идентификатор на билиотеката - собственик на записа BLK
041 ## - Код за език
Код за езика на текст/звукозапис или на отделно заглавие Български
Код за езика КДБФ Български
080 ## - УДК
Текстов определител УДК Българска литература
УДК код - определител по УДК 821.163.2
УДК определител .09(092)
УДК - код + определител 821.163.2.09(092)
080 ## - УДК
Текстов определител УДК Биографии
УДК код - определител по УДК 929
УДК определител (497.2)
УДК - код + определител 929(497.2)
100 1# - Редна дума - Автор
Автор Илиев, Стоян
Авторска отговорност първи автор
R(LIN) 363990
139 ## - Редно поле
Редна дума Илиев, Стоян
Авторски знак Илие - И 52
245 10 - Сведения за заглавието
Заглавие Родени един за друг
Подзаглавни данни Страници от историята на бълг. любовна лирика
Редно поле (дума) Стоян Илиев.
257 ## - Страна на издаване
Страна на създаване/издаване България
260 ## - Област на издателските данни
Място на издаване, разпространение и проч. София
Име на издателя, разпространителя и проч. БАН
Година на издаване 1993
300 ## - Физическа характеристика
Страници 255 с.
Размери/Мащаб 20 см
380 ## - Жанр
Жанр Литературознание
500 ## - Общи забележки
Забележка Пълното име на авт. е Стоян Илиев Димитров. - Съдържа литературнокрит. очерци за Хр. Ботев, Ив. Вазов, П. Славейков, К. Христов, Д. Бояджиев, П. Яворов, Е. Попдимитров, Д. Дебелянов, Н. Лилиев, Т. Траянов
600 14 - Име на лице, използвано като предмет
За него / За нея Вазов, Иван Минчов
9 (RLIN) 363396
600 #0 - Име на лице, използвано като предмет
За него / За нея Славейков, Пенчо Петков
Свързани дати 1866-1912
Друга информация Поет. Фолклорист. Преводач от немски и руски език.
9 (RLIN) 364367
600 14 - Име на лице, използвано като предмет
За него / За нея Христов, Кирил
Свързани дати 1875-1944
Друга информация Поет, писател, драматург, публицист, преводач
Пълна форма на името Генчев, Кирил Христов
9 (RLIN) 396616
600 14 - Име на лице, използвано като предмет
За него / За нея Бояджиев, Димитър Иванов
9 (RLIN) 366015
600 14 - Име на лице, използвано като предмет
За него / За нея Попдимитров, Емануил
9 (RLIN) 287155
600 #0 - Име на лице, използвано като предмет
За него / За нея Дебелянов, Димчо Вельов
9 (RLIN) 363389
600 14 - Име на лице, използвано като предмет
За него / За нея Лилиев, Николай
Пълна форма на името Попиванов, Николай Михайлов
Свързани дати 1885-1960
9 (RLIN) 88821
600 14 - Име на лице, използвано като предмет
За него / За нея Траянов, Теодор Василев
Свързани дати 1882-1945
9 (RLIN) 427489
650 #4 - Допълнително описание по предмет – тема
Основно описание – тема или топоним Поезия, българска - теми, образи, сюжети
9 (RLIN) 242871
650 #4 - Допълнително описание по предмет – тема
Основно описание – тема или топоним Поети, български
9 (RLIN) 241945
653 ## - Ключова дума – ненормативна
Ключова дума български поети
852 ## - Местоположение
Форматна сигнатура Цб 179173
Фондова буква Хранилище
856 4# - Електронен адрес и достъп
Електронен формат pdf - файл
856 4# - Електронен адрес и достъп
Електронен формат pdf - файл
942 ## - АРТИКУЛИ
Вид на библиотечния материал Книги
Скрит в OPAC Не
944 ## - СЪЗДАВАНЕ И РЕДАКЦИЯ на ЗАПИСА
Създаване/Редакция Създаване
Дата на регистрацията/редакция 13.06.2004
Служител, извършил регистрацията/редакцията
Статус, дата на статуса CRON CRON
944 ## - СЪЗДАВАНЕ И РЕДАКЦИЯ на ЗАПИСА
Създаване/Редакция Редакция
Дата на регистрацията/редакция 15.06.2016
Служител, извършил регистрацията/редакцията Нора_Радева
999 ## - СИСТЕМНИ КОНТРОЛНИ НОМЕРА
Koha biblionumber 56853
Koha biblioitemnumber 56853
999 ## - СИСТЕМНИ КОНТРОЛНИ НОМЕРА
Koha biblioitemnumber 56853
Наличности
Код за отписване Код за изгубен артикул Източник на класификационната схема Код за повреда Коз за рестрикции Код за отдаване Артикулен № Име на библиотеката - собственик Име на библиотеката, в която се намира в момента Статус (Текущо местоположение) Дата на вписване в системата Местоположение - отдел Цена в лева Инвентарен номер Систематично азбучна сигнатура Баркод Номер на екземпляра Цена в евро Служебна бележка Служебен тип на артикула
  Не е изгубен Universal Decimal Classification Не е повреден без рестрикции ползва се в читалня 91003 Регионална библиотека "Любен Каравелов" Русе Регионална библиотека "Любен Каравелов" Русе Читалня 1993-01-01 Читалня 7.20 609800 Ч 821.163.2.09/И 52С 120000609800 1 3.68 Дата инв: 27.03.2017 Бележки инв: Ч2017 Книги
  Не е изгубен Universal Decimal Classification Не е повреден без рестрикции ползва се в читалня 91004 Регионална библиотека "Любен Каравелов" Русе Регионална библиотека "Любен Каравелов" Русе Хранилище 1996-01-01 Хранилище 1.54 586585 Цб 179173 120000586585 2 0.79 Дост: Dp Вид: Д N: стар фонд Дата: 01.01.1996 Дата инв: 10.08.2015 Бележки инв: Цб2015 Книги
Изтеглен Не е изгубен Universal Decimal Classification Не е повреден без рестрикции заемане за дома 91005 Регионална библиотека "Любен Каравелов" Русе Регионална библиотека "Любен Каравелов" Русе Заемна - подръчен фонд 1996-01-01 Заемна - подръчен фонд 1.54 607389 П 886.7(092)/И 52 607389 3 0.79 Дост: Pk Вид: Ф N: стар фонд Дата: 01.01.1996 Дата инв: 19.02.2018 Бележки инв: П2018 Книги
Изтеглен Не е изгубен Universal Decimal Classification Не е повреден без рестрикции заемане за дома 91006 Регионална библиотека "Любен Каравелов" Русе Регионална библиотека "Любен Каравелов" Русе Заемна - подръчен фонд 1996-01-01 Заемна - подръчен фонд 0.44 607390 П 886.7(092)/И 52 607390 4 0.22 Дост: Pk Вид: Ф N: стар фонд Дата: 01.01.1996 Книги
Изтеглен Не е изгубен Universal Decimal Classification Не е повреден без рестрикции заемане за дома 91007 Регионална библиотека "Любен Каравелов" Русе Регионална библиотека "Любен Каравелов" Русе Заемна - подръчен фонд 1996-01-01 Заемна - подръчен фонд 0.18 609799 П 886.7(092)/И 52 609799 5 0.09 Дост: Pk Вид: Ф N: стар фонд Дата: 01.01.1996 Книги
Vip Innovations Ltd, Rousse, Bulgaria 2025